1971 1647 1783 1616 1181 1473 1113 1655 1638 1657 1857 1287 1620 1881 1812 1070 1736 1408 1951 1829 1337 1309 1667 1344 1525 1675 1058 1804 1597 1600 1561 1191 1388 1816 1623 1470 1947 1410 1743 1919 1756 1649 1556 1491 1136 1562 1762 1995 1351 1488 1454 1934 1739 1014 1097 1750 1526 1666 1852 1234 1248 1685 1549 1160 1489 1875 1608 1344 1151 1828 1291 1101 1976 1899 1925 1815 1930 1184 1179 1379 1995 1612 1061 1949 1315 1462 1353 1422 1331 1156 1454 1429 1471 1863 1959 1318 1495 1556 1888 BCNSPRNW ULIB Ver.6.0+V

เปลี่ยนเป็นภาษาไทย

Change to English
 แสดงรายละเอียดบรรณานุกรม
  กลับหน้าหลัก

Brief Record : Get Marc (ISO 2709) : E-mail record : QR code < ปิดหน้าต่าง
LEADER : 00000nam 2200000uu 4500
001    13399115022
003     ULIB
008    020711s2552 th a 000 0 tha d
020    ^a9789742127961
082 04 ^aรส.^bA355L
090    ^aรส.^bA355L
100    ^aLouisa May Alcott
245    ^aสี่ดารุณี /^cLouisa May Alcott
260    ^aกรุงเทพฯ :^bซีเอ็ด,^c2552
300    94 หน้า
500    ชุดอ่านอังกฤษ เก่งอังกฤษ
501    Stage 3
945    ^p0^l0^i028105
999 ^a ทศพร
รายการนี้ยังไม่มีแท็ก
คุณยังไม่ได้ล็อกอิน คุณสามารถมีกิจกรรมร่วมกับเว็บไซต์ได้ แต่ต้องล็อกอินก่อน ::
  ล็อกอิน

รายการสื่อสารสนเทศ

ลำดับที่ ประเภท เลขเรียก/บาร์โค้ด สถานที่ สถานะ
1. นวนิยาย
นวนิยาย
รส. A355L รส. A355L ฉ.1 
  Barcode: 028105
ห้องสมุดวิทยาเขตสวรรค์ประชารักษ์
►นวนิยาย
บนชั้น
  ขอยืม

BibComment


ยังไม่เคยถูกคอมเมนท์

คอมเมนท์ทรัพยากรรายการนี้
  คอมเมนท์: สี่ดารุณี Louis..


 Copyright 2026. Bcnsprnw @Library